Vista normal Vista MARC

Entrada Término temático

Número de registros utilizados en: 88

001 - NÚMERO DE CONTROL

  • campo de control: 24466

003 - IDENTIFICADOR DEL NÚMERO DE CONTROL

  • campo de control: CO-MdUADB

005 - FECHA Y HORA DE LA ÚLTIMA TRANSACCIÓN

  • campo de control: 20260122082752.0

008 - DATOS DE LONGITUD FIJA

  • campo de control de longitud fija: 230418nn azznnbabn a ana d

040 ## - FUENTE DE LA CATALOGACIÓN

  • Centro catalogador/agencia de origen: CO-MdUADB
  • Lengua de catalogación: spa
  • Centro/agencia transcriptor: CO-MdUADB
  • Normas de descripción: rda
  • Convención/Normas de encabezamiento de materia/tesauro: dcs

150 ## - ENCABEZAMIENTO--TÉRMINO DE MATERIA

  • Término de materia o nombre geográfico como elemento de entrada: Ciencias de la salud

450 ## - TRAZADO DE VÉASE--TÉRMINO DE MATERIA

  • Término de materia o nombre geográfico como elemento de entrada: Health Sciences

450 ## - TRAZADO DE VÉASE--TÉRMINO DE MATERIA

  • Término de materia o nombre geográfico como elemento de entrada: Sciences de la Santé

550 ## - TRAZADO VÉASE ADEMÁS--TÉRMINO DE MATERIA

  • Término de materia o nombre geográfico como elemento de entrada: Enfermería
  • Subcampo de control: h

680 ## - NOTA GENERAL PÚBLICA

  • Texto explicativo: Nota de alcance: Incluye las ciencias relacionadas a la salud humana, tales como: medicina, odontología, enfermería, farmacia, nutrición, salud pública, fisioterapia, fonoaudiología. (Decs).